Evaluación de los recursos forestales 1990 : resúmenes por países.
Guardado en:
| Autor Corporativo: | |
|---|---|
| Formato: | Libro |
| Idioma: | Spanish |
| Publicado: |
Roma :
FAO,
1994.
|
| Etiquetas: |
Agregar Etiqueta
Sin Etiquetas, Sea el primero en etiquetar este registro!
|
| LEADER | 00490nam a22001335a 4500 | ||
|---|---|---|---|
| 001 | EEA.libagro005149 | ||
| 005 | 20181003113133.0 | ||
| 008 | 130809s1994####it#a##########000#0#spa#d | ||
| 082 | 0 | 4 | |a 333.75 |
| 110 | 2 | |a Organización de las Naciones Unidas para la Agricultura y la Alimentación. | |
| 245 | 1 | 0 | |a Evaluación de los recursos forestales 1990 : |b resúmenes por países. |
| 260 | |a Roma : |b FAO, |c 1994. | ||
| 300 | |a 294 p. : |b il. ; |c 31 cm. | ||
| 859 | |a AR-BbBCA |b BIB. AGRONOMIA |h 333.75 |i F218-3 1990 |p 1995/2420 | ||
